000 00388nam a2200157Ia 4500
008 230711s9999||||xx |||||||||||||| ||und||
041 _aENG
082 _a621.3
_bTH-P
100 _aThumann, A.
245 0 _aPlant engineers and managment guide to energy
250 _a3rd Ed.
260 _c1983
_aNew Delhi
_bFairmont
300 _a311
650 _aElectrical Engineering
942 _cBK
999 _c1721
_d1721